| 000 | 01171nam a22002657a 4500 | ||
|---|---|---|---|
| 005 | 20170124103048.0 | ||
| 010 | _aA-575077 | ||
| 020 |
_c65.00 _a8172012055 |
||
| 035 | _aA-575077 | ||
| 037 | _bCen Lib/Ret | ||
| 040 |
_aDPL _bHN |
||
| 082 |
_aउ _bकावाबा |
||
| 100 |
_aकावाबाता, यासुनारी _9143104 |
||
| 245 |
_aहजार सारस / _cयासुनारी कावाबाता; अनुवादक सरोज वशिष्ठ |
||
| 246 |
_aHazar saras / _bby Yasunari Kawabata; anuvadak Saroj Vashishth |
||
| 260 |
_aनयी दिल्ली _bसाहित्य अकादेमी _c1992 |
||
| 270 |
_bनयी दिल्ली _e110001 _aरविन्द्र भवन, 35, फ़िरोज़ शाह मार्ग |
||
| 300 |
_a128पृ. _c21सेमी (सजिल्द) |
||
| 650 |
_aजापानी साहित्य _9143105 |
||
| 650 |
_aउपन्यास _9143106 |
||
| 650 |
_aJapani literature _969895 |
||
| 650 |
_aFiction _98901 |
||
| 700 |
_aवशिष्ठ, सरोज _9143107 |
||
| 942 |
_2ddc _cHN _hउ _mकावाबा |
||
| 999 |
_c117066 _d117066 |
||